000
nam a22 7a 4500
999
_c
232537
_d
232537
003
ASAB
005
20170220155652.0
008
170220b xxu||||| |||| 00| 0 eng d
040
_c
ASAB
082
_a
575 KUM
245
_a
Applied Genetics
_c
Veena kumari
942
_2
ddc
_c
BK